Nyílnak a szegedi füvészkert rózsái
Elmentve itt :
| Dokumentumtípus: | Cikk |
|---|---|
| Megjelent: |
2015-06-08
|
| Sorozat: | SzegedMa.hu
|
| Kulcsszavak: | Füvészkert |
| Online Access: | http://univ.bibl.u-szeged.hu/44367 |
| LEADER | 00516nab a2200157 i 4500 | ||
|---|---|---|---|
| 001 | univ44367 | ||
| 005 | 20180308095529.0 | ||
| 008 | 171214s2015 hu o 0|| zxx d | ||
| 040 | |a SZTE UnivHistória Repozitórium |b hun | ||
| 041 | |a zxx | ||
| 245 | 0 | 0 | |a Nyílnak a szegedi füvészkert rózsái |h [elektronikus dokumentum] |
| 260 | |c 2015-06-08 | ||
| 490 | 0 | |a SzegedMa.hu | |
| 561 | |a Egyetemi hirarchívum | ||
| 695 | |a Füvészkert | ||
| 856 | 4 | 0 | |u http://univ.bibl.u-szeged.hu/44367/1/szegedma_2015_06_08_rozsak.pdf |z Dokumentum-elérés |